[Event "Deutsche Frauen-Einzelmeisterschaft"]
[Site "Hockenheim/Germany"]
[Date "2009.08.26"]
[Round "5.7"]
[White "Franzenburg, Maria"]
[Black "Storkebaum, Ulrike"]
[Result "0-1"]
[WhiteElo "1803"]
[BlackElo "1894"]
[PlyCount "140"]
[EventDate "2009.??.??"]
[WhiteTeam "SK Doppelbauer Kiel"]
[BlackTeam "SV 1920 Hofheim"]

1. e4 e5 2. Nf3 Nc6 3. Bb5 a6 4. Ba4 Nf6 5. O-O b5 6. Bb3 Nxe4 7. Nxe5 Nxe5 8.
Bd5 c6 9. Bxe4 d5 10. d4 dxe4 11. dxe5 Be6 12. Nc3 Qc7 13. Qd4 Rd8 14. Qxe4 Be7
15. Bf4 O-O 16. a3 Qc8 17. Rad1 Bf5 18. Qe2 Qe6 19. Rxd8 Rxd8 20. Nd1 g5 21.
Bg3 Qg6 22. Ne3 Be6 23. Rd1 h5 24. Rxd8+ Bxd8 25. h3 Bb6 26. Qd3 Qxd3 27. cxd3
Bd4 28. b4 Bb2 29. f3 Bxa3 30. Nc2 Bb2 31. Bf2 Bxe5 32. Bc5 Bd5 33. d4 Bf4 34.
Kf2 h4 35. Ne3 Bg3+ 36. Ke2 Be6 37. Kd3 Kg7 38. Ke4 Kg6 39. d5 cxd5+ 40. Nxd5
f5+ 41. Kd4 Kf7 42. Bb6 Bc8 43. Ba5 Ke6 44. Nc7+ Kd7 45. Nd5 Ke6 46. Nc7+ Kd6
47. Ne8+ Kc6 48. Ng7 Bd7 49. Nh5 Bf2+ 50. Ke5 Be1 51. Kf6 Bd2 52. Ng7 Bc3+ 53.
Kg6 Bd2 54. Nxf5 Kd5 55. Nh6 Kc4 56. Nf7 Be8 57. Bd8 Bxb4 58. Bxg5 Be1 59. f4
b4 60. f5 b3 61. Bc1 Bc3 62. f6 b2 63. Bxb2 Bxb2 64. Kg7 Bxf7 65. Kxf7 a5 66.
Kg6 a4 67. f7 Ba3 68. Kg7 Be7 69. f8=Q Bxf8+ 70. Kxf8 a3 0-1

[Event "Deutsche Frauen-Einzelmeisterschaft"]
[Site "Hockenheim/Germany"]
[Date "2009.08.26"]
[Round "5.8"]
[White "Birkholz, Mary"]
[Black "Hielscher, Ursula"]
[Result "0-1"]
[WhiteElo "1976"]
[BlackElo "1878"]
[PlyCount "150"]
[EventDate "2009.??.??"]
[WhiteTeam "TS Bayreuth"]
[BlackTeam "SK Doppelbauer Kiel"]

1. e4 e6 2. d4 d5 3. exd5 exd5 4. Be3 Nf6 5. Nc3 Bb4 6. Nge2 c6 7. f3 Qe7 8.
Qd2 h6 9. O-O-O O-O 10. Re1 Re8 11. Bf2 Qc7 12. Qd3 Be6 13. Ng3 Nbd7 14. Re3
Bd6 15. Kb1 Nf8 16. Nce2 c5 17. dxc5 Bxc5 18. Nd4 Qb6 19. Re2 Bd7 20. Rxe8 Rxe8
21. Be2 Ng6 22. Rd1 Nf4 23. Qd2 Qc7 24. Bf1 Bd6 25. Ngf5 Be5 26. g3 Ng6 27. Bd3
Qc8 28. h4 Qb8 29. Nxh6+ gxh6 30. Qxh6 Nh7 31. Bxg6 fxg6 32. Qxg6+ Bg7 33. h5
Kh8 34. h6 Bf6 35. Qf7 Bc6 36. Nf5 Qe5 37. Bd4 Qxf5 38. f4 Re7 39. Qxe7 Bxd4
40. Qd8+ Qf8 41. Qxf8+ Nxf8 42. Rxd4 Kh7 43. f5 Kxh6 44. Rg4 Nd7 45. Rg6+ Kh7
46. Kc1 Ne5 47. Re6 Ng4 48. Kd2 Nh6 49. Re7+ Kg8 50. f6 Kf8 51. Rh7 Ng4 52. f7
Nf6 53. Rh8+ Kxf7 54. Ke3 Kg6 55. Rh4 Kg5 56. Rd4 Ng4+ 57. Kf3 Ne5+ 58. Kg2 Nc4
59. c3 Nxb2 60. Kf3 Na4 61. Rg4+ Kf5 62. Rf4+ Ke5 63. c4 dxc4+ 64. Ke3 c3 65.
g4 c2 66. Rc4 Be4 67. Kd2 Nb6 68. Rc7 Kf4 69. Rg7 Nc4+ 70. Kc1 Nd6 71. g5 Nf5
72. Rg8 Ng3 73. Rf8+ Ke3 74. Rc8 Ne2+ 75. Kb2 Kd2 0-1

[Event "Deutsche Frauen-Einzelmeisterschaft"]
[Site "Hockenheim/Germany"]
[Date "2009.08.26"]
[Round "5.9"]
[White "Kohls, Vera"]
[Black "Kluge, Heidemarie"]
[Result "1/2-1/2"]
[WhiteElo "1904"]
[BlackElo "1952"]
[PlyCount "47"]
[EventDate "2009.??.??"]
[WhiteTeam "Delmenhorster SK V 1931"]
[BlackTeam "Spielgemeinschaft Schachfreunde"]

1. Nf3 d5 2. b3 f6 3. d4 Bg4 4. e3 Nd7 5. h3 Bh5 6. Bb2 c6 7. Nbd2 Qc7 8. Be2
e6 9. c4 Bd6 10. Rc1 Qd8 11. e4 Bf7 12. O-O Ne7 13. Nh2 Qc7 14. Nhf3 Bf4 15.
exd5 exd5 16. cxd5 Nxd5 17. Ba3 Qa5 18. Nc4 Qd8 19. Nd6+ Bxd6 20. Bxd6 Qa5 21.
Bc4 O-O-O 22. Qd2 Qxd2 23. Nxd2 N7b6 24. Bc5 1/2-1/2

[Event "Deutsche Frauen-Einzelmeisterschaft"]
[Site "Hockenheim/Germany"]
[Date "2009.08.26"]
[Round "5.10"]
[White "Stitterich, Nadine"]
[Black "Noll, Sonja"]
[Result "1-0"]
[WhiteElo "1929"]
[BlackElo "1963"]
[PlyCount "93"]
[EventDate "2009.??.??"]
[WhiteTeam "SV Stuttgart-Wolfbusch 1956 e.V."]
[BlackTeam "Saarbrücker Gambit 89 e.V."]

1. e4 Nf6 2. e5 Nd5 3. c4 Nb6 4. d4 d6 5. exd6 exd6 6. h3 Be6 7. d5 Bf5 8. Nf3
Be7 9. Be3 Bf6 10. Nc3 N8d7 11. Be2 g5 12. Qd2 Rg8 13. Nd4 Bg6 14. a4 Ne5 15.
b3 Nbd7 16. a5 Nc5 17. O-O h5 18. f4 gxf4 19. Rxf4 Ned3 20. Bxd3 Nxd3 21. Rf3
Ne5 22. Rff1 Bd3 23. Rfe1 Bh4 24. Bf2 Bxf2+ 25. Qxf2 Qd7 26. Kh1 O-O-O 27. a6
b6 28. Ncb5 Kb8 29. Rxe5 dxe5 30. Nc6+ Ka8 31. Nxe5 Qf5 32. Qxf5 Bxf5 33. Nxc7+
Kb8 34. Nb5 Bd7 35. Nd4 Kc7 36. Nec6 Bxc6 37. Nxc6 Ra8 38. Rf1 Rgf8 39. Rf5 h4
40. Rf4 Rae8 41. Nxa7 Re1+ 42. Kh2 Re2 43. Nb5+ Kd7 44. a7 Ra2 45. Rxh4 f5 46.
Rh7+ Kd8 47. Rb7 1-0

[Event "Deutsche Frauen-Einzelmeisterschaft"]
[Site "Hockenheim/Germany"]
[Date "2009.08.26"]
[Round "5.11"]
[White "Gottschall, Ina"]
[Black "Banisch, Anett"]
[Result "0-1"]
[WhiteElo "1693"]
[BlackElo "2061"]
[PlyCount "42"]
[EventDate "2009.??.??"]
[WhiteTeam "USV TU Dresden"]
[BlackTeam "SV Sangerhausen e. V."]

1. d4 f5 2. Bg5 Nf6 3. Bxf6 gxf6 4. e3 e6 5. Qh5+ Ke7 6. c4 d6 7. Nf3 Bd7 8.
Nh4 Be8 9. Qf3 Nc6 10. a3 Bf7 11. Nc3 Qe8 12. Be2 h5 13. Rd1 Bh6 14. e4 e5 15.
exf5 Nxd4 16. Qd3 Nxe2 17. Nxe2 Bxc4 18. Qc2 c6 19. Qe4 Bd5 20. Qb4 c5 21. Qd2
Bxd2+ 0-1

[Event "Deutsche Frauen-Einzelmeisterschaft"]
[Site "Hockenheim/Germany"]
[Date "2009.08.27"]
[Round "6.1"]
[White "Zilberman, Polina"]
[Black "Leveikina, Jevgenija"]
[Result "1-0"]
[WhiteElo "2191"]
[BlackElo "2042"]
[PlyCount "121"]
[EventDate "2009.??.??"]
[WhiteTeam "SK 1879 HD-Handschuhsheim"]
[BlackTeam "Schachklub Herne-Sodingen 1924"]

1. e4 c6 2. d4 d5 3. exd5 cxd5 4. c4 Nf6 5. Nc3 e6 6. Nf3 Be7 7. cxd5 exd5 8.
Bd3 Nc6 9. h3 O-O 10. O-O Be6 11. a3 Na5 12. Bg5 Nc4 13. Qe2 h6 14. Bh4 Re8 15.
Ne5 Rc8 16. Rfd1 Nxa3 17. Nb5 Nxb5 18. Bxb5 Bd7 19. Bxf6 Bxb5 20. Qxb5 Bxf6 21.
Rxa7 Re7 22. Rxb7 Rxb7 23. Qxb7 Rc7 24. Qb5 Bxe5 25. dxe5 d4 26. Qb6 Rd7 27.
Qxd8+ Rxd8 28. f4 g5 29. fxg5 hxg5 30. Kf2 Rd5 31. Kf3 Rxe5 32. Rxd4 Kg7 33. b4
Re1 34. b5 Rb1 35. Rd5 Kg6 36. Rd6+ Kf5 37. Rd5+ Kf6 38. Rc5 Rb4 39. g3 Rb3+
40. Kg4 Rb4+ 41. Kh5 g4 42. hxg4 Rb1 43. g5+ Kg7 44. Kg4 Rb3 45. Kf4 Kg6 46.
Rc6+ Kg7 47. b6 Rb5 48. Rd6 Kh7 49. Ke4 Rxg5 50. Rd5 Rg4+ 51. Kf5 Rb4 52. Rd6
Kg7 53. Ke5 Rb5+ 54. Kd4 Rb3 55. Kc4 Rb1 56. Kc5 Rc1+ 57. Kb5 Rb1+ 58. Kc6 Rc1+
59. Kd7 Rb1 60. Kc7 Rc1+ 61. Rc6 1-0

[Event "Deutsche Frauen-Einzelmeisterschaft"]
[Site "Hockenheim/Germany"]
[Date "2009.08.27"]
[Round "6.2"]
[White "Germann, Heike"]
[Black "Vidonyak, Nellya"]
[Result "1/2-1/2"]
[WhiteElo "2077"]
[BlackElo "2187"]
[PlyCount "82"]
[EventDate "2009.??.??"]
[WhiteTeam "SV Marzahna 57 e.V."]
[BlackTeam "SV Hockenheim"]

1. d4 Nf6 2. c4 g6 3. Nc3 Bg7 4. e4 d6 5. Nf3 O-O 6. Be2 Nbd7 7. O-O e5 8. d5
Nc5 9. Qc2 a5 10. Ne1 Ne8 11. f3 f5 12. Be3 b6 13. a3 Bd7 14. b3 Nf6 15. Ra2 a4
16. Bxc5 bxc5 17. b4 Bh6 18. Qd3 f4 19. Bd1 g5 20. Rff2 Kh8 21. Rfb2 Rg8 22.
bxc5 dxc5 23. Qf1 Bf8 24. Nd3 Bd6 25. Rb1 h5 26. Rab2 g4 27. Ne1 Qe7 28. Kh1
Qh7 29. Rb7 g3 30. h3 Qh6 31. Ne2 Raf8 32. Ng1 Ng4 33. fxg4 hxg4 34. Bxg4 Bxg4
35. R7b2 Qh7 36. Qd3 Rf6 37. Rb8 Rh6 38. Rxg8+ Kxg8 39. Rb2 Bd7 40. Nef3 Rh5
41. Qc2 Kf7 1/2-1/2

[Event "Deutsche Frauen-Einzelmeisterschaft"]
[Site "Hockenheim/Germany"]
[Date "2009.08.27"]
[Round "6.3"]
[White "Berglitz, Regina"]
[Black "Kopylova, Ljubov"]
[Result "0-1"]
[WhiteElo "2066"]
[BlackElo "2196"]
[PlyCount "62"]
[EventDate "2009.??.??"]
[WhiteTeam "Hamburger SK von 1830 eV"]
[BlackTeam "SK Doppelbauer Kiel"]

1. e4 c5 2. c3 Qa5 3. Bd3 Nc6 4. Nf3 d6 5. Na3 e6 6. O-O Nf6 7. Re1 Be7 8. Nc4
Qc7 9. Bc2 d5 10. exd5 exd5 11. Nce5 Be6 12. d4 cxd4 13. cxd4 Rc8 14. Nxc6 Qxc6
15. Bd3 O-O 16. Ng5 Bb4 17. Bd2 Bg4 18. f3 Bxd2 19. Qxd2 Bh5 20. Nh3 Bg6 21.
Nf4 Bxd3 22. Nxd3 b6 23. Re7 Qa4 24. Qf4 Qc2 25. Qf5 Qc4 26. Nf2 Qxd4 27. Rae1
Qd2 28. R7e2 Rc1 29. Qe5 Ne4 30. Nd3 Qxe2 31. Rxc1 Qxd3 0-1

[Event "Deutsche Frauen-Einzelmeisterschaft"]
[Site "Hockenheim/Germany"]
[Date "2009.08.27"]
[Round "6.4"]
[White "Storkebaum, Ulrike"]
[Black "Von Herman, Brigitte"]
[Result "0-1"]
[WhiteElo "1894"]
[BlackElo "2104"]
[PlyCount "64"]
[EventDate "2009.??.??"]
[WhiteTeam "SV 1920 Hofheim"]
[BlackTeam "SK König Tegel 1949 e.V."]

1. e4 e5 2. Nf3 Nc6 3. d4 exd4 4. Nxd4 Bc5 5. Be3 Qf6 6. c3 Nge7 7. g3 d5 8.
Bg2 dxe4 9. Nd2 Bb6 10. Nxe4 Qg6 11. O-O O-O 12. Nc5 Nxd4 13. Bxd4 c6 14. Re1
Nd5 15. a4 Rd8 16. Qb3 Bxc5 17. Bxc5 Bf5 18. c4 Bc2 19. Qf3 Nb6 20. b3 h6 21.
a5 Nd7 22. Be7 Re8 23. Qc3 Nf8 24. Rac1 Bf5 25. c5 Ne6 26. Bd6 Ng5 27. Qd4 Ne4
28. b4 a6 29. Bc7 Ng5 30. Bb6 Bh3 31. Qd6 Qf5 32. Qd2 Nf3+ 0-1

[Event "Deutsche Frauen-Einzelmeisterschaft"]
[Site "Hockenheim/Germany"]
[Date "2009.08.27"]
[Round "6.5"]
[White "Erben, Larissa"]
[Black "Hielscher, Ursula"]
[Result "1-0"]
[WhiteElo "2073"]
[BlackElo "1878"]
[PlyCount "75"]
[EventDate "2009.??.??"]
[WhiteTeam "SV Stuttgart-Wolfbusch 1956 e.V."]
[BlackTeam "SK Doppelbauer Kiel"]

1. e4 Nf6 2. e5 Nd5 3. d4 d6 4. c4 Nb6 5. exd6 cxd6 6. h3 g6 7. Nf3 Bg7 8. Nc3
Nc6 9. Be3 O-O 10. Qd2 Bf5 11. Be2 d5 12. cxd5 Nxd5 13. O-O Nxe3 14. fxe3 a6
15. Rad1 Qa5 16. e4 Bd7 17. Qe3 Na7 18. e5 Rac8 19. a4 Bf5 20. b4 Qxb4 21. Nd5
Qxa4 22. Nxe7+ Kh8 23. Nxf5 gxf5 24. Nh4 Nb5 25. Rd3 Rc6 26. Nxf5 Nc7 27. d5
Rg6 28. Bh5 Qc4 29. Ne7 Rh6 30. Bxf7 Qb4 31. d6 Nb5 32. Nd5 Qb2 33. e6 Bd4 34.
Rxd4 Qxd4 35. Qxd4+ Nxd4 36. e7 Ne2+ 37. Kh2 Rc8 38. d7 1-0

[Event "Deutsche Frauen-Einzelmeisterschaft"]
[Site "Hockenheim/Germany"]
[Date "2009.08.27"]
[Round "6.6"]
[White "Niedermaier, Barbara"]
[Black "Nuber, Helene"]
[Result "1-0"]
[WhiteElo "1995"]
[BlackElo "2073"]
[PlyCount "97"]
[EventDate "2009.??.??"]
[WhiteTeam "SC Uttenreuth"]
[BlackTeam "SC Dillingen"]

1. e4 e6 2. c4 d5 3. cxd5 exd5 4. exd5 Nf6 5. Nc3 Nxd5 6. d4 Bb4 7. Bd2 O-O 8.
Bd3 Re8+ 9. Nge2 Nc6 10. O-O Nf6 11. Bg5 Be7 12. h3 Nd5 13. Bd2 Ndb4 14. Bc4
Bf5 15. Bf4 a6 16. a3 Nc2 17. Rc1 N2xd4 18. Nxd4 Qxd4 19. Qxd4 Nxd4 20. Bxc7 b5
21. Rcd1 Rac8 22. Rxd4 Rxc7 23. Nd5 Rd7 24. Nxe7+ Rexe7 25. Rf4 Bg6 26. Bb3 Re2
27. Rb4 Red2 28. a4 Rb7 29. Bc4 Bd3 30. Bxd3 Rxd3 31. Rc1 Kf8 32. Rc5 Rd1+ 33.
Kh2 Rd2 34. f3 Ra7 35. axb5 axb5 36. Rbxb5 Ra2 37. Rb7 g6 38. Rcc7 Raxb2 39.
Rxf7+ Kg8 40. Rg7+ Kf8 41. Rxb2 Rxb2 42. Rxh7 Kg8 43. Ra7 Rc2 44. h4 Rc4 45.
Kh3 Rc2 46. g4 Rc1 47. Kg3 Rh1 48. Kf4 Rxh4 49. Kg5 1-0

[Event "Deutsche Frauen-Einzelmeisterschaft"]
[Site "Hockenheim/Germany"]
[Date "2009.08.27"]
[Round "6.7"]
[White "Kluge, Heidemarie"]
[Black "Kickert, Germaine Helene"]
[Result "1/2-1/2"]
[WhiteElo "1952"]
[BlackElo "1943"]
[PlyCount "49"]
[EventDate "2009.??.??"]
[WhiteTeam "Spielgemeinschaft Schachfreunde"]
[BlackTeam "SK Jever"]

1. d4 Nf6 2. Nf3 c5 3. e3 g6 4. b3 Bg7 5. Bb2 O-O 6. Nbd2 cxd4 7. exd4 d5 8.
Bd3 Nc6 9. c3 Qa5 10. O-O Nh5 11. b4 Qc7 12. Rc1 Nf4 13. Bb1 Bg4 14. h3 Bd7 15.
Nb3 Bh6 16. Nfd2 Qc8 17. Re1 a6 18. Nc5 Bf5 19. Bxf5 gxf5 20. Rc2 b6 21. Na4
Rb8 22. Re3 Kh8 23. Rg3 Qe6 24. Nf1 Rg8 25. Bc1 1/2-1/2

[Event "Deutsche Frauen-Einzelmeisterschaft"]
[Site "Hockenheim/Germany"]
[Date "2009.08.27"]
[Round "6.8"]
[White "Stitterich, Nadine"]
[Black "Franzenburg, Maria"]
[Result "1-0"]
[WhiteElo "1929"]
[BlackElo "1803"]
[PlyCount "85"]
[EventDate "2009.??.??"]
[WhiteTeam "SV Stuttgart-Wolfbusch 1956 e.V."]
[BlackTeam "SK Doppelbauer Kiel"]

1. e4 e6 2. d3 d5 3. Nd2 c5 4. Ngf3 Nc6 5. g3 Bd6 6. Bg2 Nge7 7. O-O O-O 8. Re1
f6 9. Nf1 d4 10. h4 Qe8 11. N3h2 e5 12. g4 b5 13. Ng3 c4 14. Nf5 Bb4 15. Rf1 a5
16. Kh1 Be6 17. h5 Bxf5 18. gxf5 h6 19. Rg1 Kh7 20. dxc4 bxc4 21. Bf1 c3 22.
Qg4 Rg8 23. Bc4 a4 24. Bxg8+ Qxg8 25. a3 Bd6 26. bxc3 dxc3 27. Nf3 Bc5 28. Be3
Bxe3 29. fxe3 Qf7 30. Nh4 Rg8 31. Ng6 Qe8 32. Qe2 Nxg6 33. Rxg6 Ne7 34. Rg2 Qc6
35. Qf3 Nc8 36. Kh2 Nd6 37. Rg4 Nc4 38. Qg3 Qc5 39. Rg1 Qe7 40. Rg6 Qf8 41. Rb1
Nxa3 42. Rb7 Qe8 43. Rgxg7+ 1-0

[Event "Deutsche Frauen-Einzelmeisterschaft"]
[Site "Hockenheim/Germany"]
[Date "2009.08.27"]
[Round "6.9"]
[White "Willrodt, Sonja"]
[Black "Kohls, Vera"]
[Result "1/2-1/2"]
[WhiteElo "1870"]
[BlackElo "1904"]
[PlyCount "58"]
[EventDate "2009.??.??"]
[WhiteTeam "SK Doppelbauer Kiel"]
[BlackTeam "Delmenhorster SK V 1931"]

1. Nf3 Nf6 2. g3 b6 3. Bg2 Bb7 4. O-O e6 5. c4 Be7 6. d4 O-O 7. Nc3 d6 8. Qc2
Nbd7 9. e4 e5 10. Rd1 exd4 11. Nxd4 Ne5 12. Nd5 Nxd5 13. exd5 Qd7 14. Be4 Ng6
15. Bf5 Qd8 16. h4 Re8 17. Bxg6 hxg6 18. Nf3 Bc8 19. Kg2 Bf5 20. Qb3 Bf6 21.
Nd4 Bxd4 22. Rxd4 Qd7 23. Be3 c5 24. dxc6 Qxc6+ 25. Kh2 Be6 26. Qd3 Rad8 27.
Rd1 Qc8 28. b3 Bg4 29. Rd2 Bf5 1/2-1/2

[Event "Deutsche Frauen-Einzelmeisterschaft"]
[Site "Hockenheim/Germany"]
[Date "2009.08.27"]
[Round "6.10"]
[White "Banisch, Anett"]
[Black "Noll, Sonja"]
[Result "1-0"]
[WhiteElo "2061"]
[BlackElo "1963"]
[PlyCount "91"]
[EventDate "2009.??.??"]
[WhiteTeam "SV Sangerhausen e. V."]
[BlackTeam "Saarbrücker Gambit 89 e.V."]

1. e4 Nf6 2. Nc3 d5 3. exd5 Nxd5 4. Ne4 f5 5. Ng5 e5 6. d3 Qf6 7. N5h3 Bc5 8.
Bg5 Qb6 9. c4 Nf6 10. Qc2 Nc6 11. Ne2 Ng4 12. Nc3 f4 13. Nd5 Qa5+ 14. Qd2 Bb4
15. Nxb4 Nxb4 16. Ke2 O-O 17. Be7 e4 18. Bxb4 exd3+ 19. Kd1 Qh5 20. Kc1 Rd8 21.
Nxf4 Qf7 22. b3 Rd4 23. g3 Ne5 24. Bc3 Nf3 25. Qe3 Bg4 26. Bxd3 Re8 27. Bxd4
Rxe3 28. Bxe3 Qf6 29. Kc2 Nd4+ 30. Bxd4 Qxd4 31. Rhf1 g5 32. Ne2 Qc5 33. f4 Bh3
34. Rfe1 Bg4 35. fxg5 Qf2 36. Rf1 Qxh2 37. Rh1 Qf2 38. Raf1 Qe3 39. Bxh7+ Kg7
40. Nc3 Qxg3 41. Be4 Bh3 42. Rd1 Kf7 43. Rd3 Qf2+ 44. Rd2 Qe3 45. g6+ Kg7 46.
Rhh2 1-0

[Event "Deutsche Frauen-Einzelmeisterschaft"]
[Site "Hockenheim/Germany"]
[Date "2009.08.27"]
[Round "6.11"]
[White "Birkholz, Mary"]
[Black "Gottschall, Ina"]
[Result "1-0"]
[WhiteElo "1976"]
[BlackElo "1693"]
[PlyCount "87"]
[EventDate "2009.??.??"]
[WhiteTeam "TS Bayreuth"]
[BlackTeam "USV TU Dresden"]

1. e4 e6 2. d4 d5 3. exd5 exd5 4. Bd3 Nc6 5. Ne2 Bd6 6. c3 Nge7 7. Bg5 f6 8.
Be3 Bf5 9. Ng3 Bxd3 10. Qxd3 Qd7 11. Nd2 Qg4 12. Nf3 Qg6 13. Qe2 O-O 14. Nh4
Qf7 15. Nhf5 Qg6 16. Nxd6 cxd6 17. Rc1 Nf5 18. Nxf5 Qxf5 19. O-O Rfe8 20. Qb5
Re7 21. c4 a6 22. Qa4 Re4 23. c5 dxc5 24. Rxc5 Rd8 25. Qd1 Rd7 26. a3 Rh4 27.
g3 Re4 28. Kg2 h5 29. h3 h4 30. g4 Qg6 31. Kh2 f5 32. gxf5 Qxf5 33. Rc3 Qf6 34.
Qh5 Nxd4 35. Rc8+ Rd8 36. Qxd5+ Ne6 37. Rxd8+ Qxd8 38. Qxe4 Qc7+ 39. f4 Qd7 40.
Rg1 Qf7 41. Qe5 g6 42. f5 Nf8 43. Bd4 Kh7 44. Qh8# 1-0

[Event "Deutsche Frauen-Einzelmeisterschaft"]
[Site "Hockenheim/Germany"]
[Date "2009.08.28"]
[Round "7.1"]
[White "Kopylova, Ljubov"]
[Black "Zilberman, Polina"]
[Result "1/2-1/2"]
[WhiteElo "2196"]
[BlackElo "2191"]
[PlyCount "122"]
[EventDate "2009.??.??"]
[WhiteTeam "SK Doppelbauer Kiel"]
[BlackTeam "SK 1879 HD-Handschuhsheim"]

1. d4 d5 2. c4 e6 3. Nf3 Nf6 4. g3 Be7 5. Bg2 O-O 6. O-O c6 7. Qc2 b6 8. Nbd2
Bb7 9. e4 Nbd7 10. e5 Ne8 11. cxd5 cxd5 12. Re1 Rc8 13. Qa4 a5 14. Bf1 Nb8 15.
Bd3 Ba6 16. Bb1 Qd7 17. Qd1 Nc6 18. Nf1 g6 19. Bh6 Ng7 20. Ne3 f5 21. exf6 Bxf6
22. Ng4 Be7 23. Nfe5 Nxe5 24. Nxe5 Qe8 25. Qg4 Bf6 26. Nxg6 hxg6 27. Bxg6 Qd7
28. Bxg7 Bxg7 29. Rxe6 Rf6 30. Re8+ Qxe8 31. Bxe8 Rxe8 32. Qd7 Rfe6 33. Qxd5
Kf8 34. Qf3+ Rf6 35. Qa3+ Kg8 36. Qb3+ Kh8 37. Qd5 Rfe6 38. f4 Be2 39. Rc1 Re4
40. Qd7 Bxd4+ 41. Kg2 Bc5 42. Rc2 Ba6 43. Qh3+ Kg7 44. Qg4+ Kf7 45. Qf5+ Kg7
46. Qg5+ Kf7 47. Qh5+ Kg7 48. f5 Bb7 49. Qg6+ Kh8 50. Kh3 R4e7 51. Rc4 Rh7+ 52.
Rh4 Ree7 53. f6 Bc8+ 54. g4 Re3+ 55. Kg2 Bb7+ 56. Kf2 Re6+ 57. Kg3 Bd6+ 58. Kf2
Bc5+ 59. Kf1 Ba6+ 60. Kg2 Bb7+ 61. Kg3 Bd6+ 1/2-1/2

[Event "Deutsche Frauen-Einzelmeisterschaft"]
[Site "Hockenheim/Germany"]
[Date "2009.08.28"]
[Round "7.2"]
[White "Vidonyak, Nellya"]
[Black "Erben, Larissa"]
[Result "1-0"]
[WhiteElo "2187"]
[BlackElo "2073"]
[PlyCount "127"]
[EventDate "2009.??.??"]
[WhiteTeam "SV Hockenheim"]
[BlackTeam "SV Stuttgart-Wolfbusch 1956 e.V."]

1. d4 d5 2. c4 e6 3. Nf3 c6 4. e3 Nf6 5. Nbd2 Nbd7 6. Bd3 Be7 7. O-O O-O 8. b3
b6 9. Bb2 Bb7 10. Rc1 Rc8 11. e4 dxe4 12. Nxe4 Nxe4 13. Bxe4 Nf6 14. Bb1 c5 15.
Re1 Qc7 16. Qe2 cxd4 17. Nxd4 Qf4 18. Qe3 Qh4 19. Qg3 Ng4 20. f3 Nh6 21. Qxh4
Bxh4 22. Re2 Rfd8 23. Nb5 Bg5 24. Rf1 a6 25. Nc3 Bf6 26. Na4 Bxb2 27. Nxb2 Rd7
28. Rd1 Rxd1+ 29. Nxd1 Rd8 30. Ne3 f6 31. Kf2 Nf7 32. Ke1 Ne5 33. Rd2 Rxd2 34.
Kxd2 f5 35. Kc3 Kf7 36. b4 Ke7 37. f4 Nd7 38. Kd4 Kd6 39. Bc2 Bc6 40. c5+ bxc5+
41. bxc5+ Ke7 42. g3 Nf6 43. Bd3 Bb7 44. c6 Bxc6 45. Bxa6 h6 46. Kc5 Bf3 47.
Nc4 Be2 48. a4 g5 49. a5 gxf4 50. gxf4 Nd7+ 51. Kd4 e5+ 52. fxe5 f4 53. Bb7 f3
54. Nd2 f2 55. Bg2 Bb5 56. Bf1 Bc6 57. Ne4 Ke6 58. Bh3+ Ke7 59. Nxf2 Nb8 60.
Kc5 Bf3 61. Kb6 Be2 62. Ne4 h5 63. Nc5 Bc4 64. Kb7 1-0

[Event "Deutsche Frauen-Einzelmeisterschaft"]
[Site "Hockenheim/Germany"]
[Date "2009.08.28"]
[Round "7.3"]
[White "Von Herman, Brigitte"]
[Black "Germann, Heike"]
[Result "1-0"]
[WhiteElo "2104"]
[BlackElo "2077"]
[PlyCount "47"]
[EventDate "2009.??.??"]
[WhiteTeam "SK König Tegel 1949 e.V."]
[BlackTeam "SV Marzahna 57 e.V."]

1. e4 c5 2. c3 d5 3. exd5 Qxd5 4. d4 Nf6 5. Nf3 Bg4 6. dxc5 Qxd1+ 7. Kxd1 Bxf3+
8. gxf3 e6 9. b4 Be7 10. Bb5+ Nfd7 11. a3 O-O 12. Ra2 Ne5 13. f4 Ng4 14. Be3 a6
15. Be2 Nh6 16. Bf3 Nc6 17. Rd2 Nf5 18. Kc2 Rfc8 19. Rd7 Rab8 20. Rhd1 Kf8 21.
Nd2 Ke8 22. Nc4 Rd8 23. Rxb7 Rbc8 24. Nb6 1-0

[Event "Deutsche Frauen-Einzelmeisterschaft"]
[Site "Hockenheim/Germany"]
[Date "2009.08.28"]
[Round "7.4"]
[White "Leveikina, Jevgenija"]
[Black "Niedermaier, Barbara"]
[Result "1/2-1/2"]
[WhiteElo "2042"]
[BlackElo "1995"]
[PlyCount "48"]
[EventDate "2009.??.??"]
[WhiteTeam "Schachklub Herne-Sodingen 1924"]
[BlackTeam "SC Uttenreuth"]

1. d4 Nf6 2. Nf3 e6 3. e3 b6 4. Bd3 Bb7 5. Nbd2 Be7 6. O-O O-O 7. c3 c5 8. Qe2
d5 9. e4 dxe4 10. Nxe4 Nxe4 11. Bxe4 Bxe4 12. Qxe4 Nd7 13. Qe2 Nf6 14. dxc5
Bxc5 15. Bg5 Be7 16. Rad1 Qc7 17. Rd4 Rfd8 18. Rfd1 Rxd4 19. Rxd4 Rd8 20. Qd2
Rxd4 21. Qxd4 h6 22. Bh4 Bc5 23. Qe5 Bd6 24. Qd4 Bc5 1/2-1/2

[Event "Deutsche Frauen-Einzelmeisterschaft"]
[Site "Hockenheim/Germany"]
[Date "2009.08.28"]
[Round "7.5"]
[White "Nuber, Helene"]
[Black "Stitterich, Nadine"]
[Result "1/2-1/2"]
[WhiteElo "2073"]
[BlackElo "1929"]
[PlyCount "76"]
[EventDate "2009.??.??"]
[WhiteTeam "SC Dillingen"]
[BlackTeam "SV Stuttgart-Wolfbusch 1956 e.V."]

1. e4 c5 2. d3 Nc6 3. Nc3 g6 4. Be3 d6 5. d4 cxd4 6. Bxd4 Nxd4 7. Qxd4 Nf6 8.
e5 dxe5 9. Bb5+ Bd7 10. Qxe5 a6 11. Bxd7+ Qxd7 12. Rd1 Qg4 13. Nd5 Nxd5 14.
Qxd5 Bg7 15. Nf3 O-O 16. O-O Qb4 17. Qb3 Qxb3 18. axb3 Rfd8 19. c3 b5 20. b4 e6
21. Rfe1 Bf6 22. Kf1 Kf8 23. Ke2 Ke7 24. Rxd8 Rxd8 25. Rd1 Rxd1 26. Kxd1 Kd6
27. Ke2 e5 28. Kd3 Kd5 29. Nd2 Be7 30. f3 f5 31. g4 h5 32. h3 hxg4 33. hxg4 Bg5
34. gxf5 gxf5 35. b3 Kc6 36. Nf1 Bf4 37. Ne3 Bxe3 38. Kxe3 Kb6 1/2-1/2

[Event "Deutsche Frauen-Einzelmeisterschaft"]
[Site "Hockenheim/Germany"]
[Date "2009.08.28"]
[Round "7.6"]
[White "Kickert, Germaine Helene"]
[Black "Berglitz, Regina"]
[Result "1/2-1/2"]
[WhiteElo "1943"]
[BlackElo "2066"]
[PlyCount "74"]
[EventDate "2009.??.??"]
[WhiteTeam "SK Jever"]
[BlackTeam "Hamburger SK von 1830 eV"]

1. e4 d5 2. exd5 Qxd5 3. Nc3 Qd6 4. g3 Nf6 5. Bg2 c6 6. Nge2 Bf5 7. d4 e6 8.
Bf4 Qd8 9. Qd2 Nbd7 10. h3 Nb6 11. g4 Bg6 12. Bg3 Nc4 13. Qc1 Bb4 14. O-O O-O
15. Rd1 Nd5 16. Nxd5 exd5 17. Nf4 Bd6 18. Bf1 Qd7 19. Bxc4 dxc4 20. Qd2 Be4 21.
Qe2 Bd5 22. Nxd5 cxd5 23. Bxd6 Qxd6 24. Qe5 Qc6 25. Re1 Rae8 26. Qf5 g6 27. Qf3
Re6 28. Re5 Rxe5 29. dxe5 Re8 30. Qc3 Qe6 31. Re1 f6 32. f4 g5 33. f5 Qb6+ 34.
Kg2 fxe5 35. Rxe5 Qc6 36. Rxe8+ Qxe8 37. Qd4 Qe2+ 1/2-1/2

[Event "Deutsche Frauen-Einzelmeisterschaft"]
[Site "Hockenheim/Germany"]
[Date "2009.08.28"]
[Round "7.7"]
[White "Hielscher, Ursula"]
[Black "Storkebaum, Ulrike"]
[Result "0-1"]
[WhiteElo "1878"]
[BlackElo "1894"]
[PlyCount "76"]
[EventDate "2009.??.??"]
[WhiteTeam "SK Doppelbauer Kiel"]
[BlackTeam "SV 1920 Hofheim"]

1. d4 Nf6 2. c4 g6 3. Nc3 Bg7 4. e4 d6 5. f3 O-O 6. Be3 Nc6 7. d5 Ne5 8. Qd2 a6
9. Bh6 Rb8 10. Bxg7 Kxg7 11. h4 Nh5 12. Nge2 c5 13. dxc6 bxc6 14. b3 f5 15.
exf5 Bxf5 16. Nd4 Ng3 17. Rg1 Bd7 18. Be2 c5 19. Nc2 Nxe2 20. Nxe2 Rxf3 21. h5
Qf8 22. hxg6 hxg6 23. Rh1 Nd3+ 24. Kd1 Rf1+ 25. Rxf1 Qxf1+ 26. Ne1 Nxe1 27.
Qc3+ e5 28. Kd2 Qxg2 29. Rxe1 Bg4 30. Qd3 Rd8 31. Qc3 Rf8 32. Qg3 Qxg3 33. Nxg3
Rf2+ 34. Kc1 Rxa2 35. Kb1 Rd2 36. Ne4 Bf5 37. Kc1 Rd4 38. Ng5 Rg4 0-1

[Event "Deutsche Frauen-Einzelmeisterschaft"]
[Site "Hockenheim/Germany"]
[Date "2009.08.28"]
[Round "7.8"]
[White "Kohls, Vera"]
[Black "Banisch, Anett"]
[Result "0-1"]
[WhiteElo "1904"]
[BlackElo "2061"]
[PlyCount "66"]
[EventDate "2009.??.??"]
[WhiteTeam "Delmenhorster SK V 1931"]
[BlackTeam "SV Sangerhausen e. V."]

1. Nf3 f5 2. b3 d6 3. d3 Nf6 4. Bb2 e5 5. Nbd2 g6 6. e4 Bg7 7. g3 Nc6 8. Bg2
O-O 9. Qe2 a5 10. d4 fxe4 11. Nxe4 Nxe4 12. Qxe4 exd4 13. Qd5+ Kh8 14. O-O Nb4
15. Qc4 d5 16. Qe2 Bg4 17. Ba3 Qf6 18. Bxb4 axb4 19. Qd3 Bxf3 20. Qb5 Bxg2 21.
Kxg2 Qf3+ 22. Kg1 d3 23. Rac1 d2 24. Rcd1 Bc3 25. Qc5 Rxa2 26. Rxd2 Bxd2 27.
Qd4+ Qf6 28. Qxd2 c6 29. Kg2 Qf3+ 30. Kh3 Qc3 31. Qh6 Rf5 32. Kg2 Qf3+ 33. Kg1
Rxc2 0-1